Science Quiz

Random Science Quiz

Legal Grounds For Abortion (UK) Quiz Stats

Quiz not verified by Sporcle

Challenge
Share
Tweet
Embed
Score 0/40 Timer 10:00
0 Plays Today
Text of Abortion Act 1967, section 1 Missing word(s) % Correct
when a pregnancy is terminated by a registered _______ ____________medical practitioner
63.2%
under the law relating to ________abortion
57.9%
that if the child were born it would ______suffer
42.1%
to the physical or mental ______ health
36.8%
(2) In determining whether the continuance of a _________pregnancy
31.6%
for the purposes of this section by the Secretary of _____.State
31.6%
(a) that the pregnancy has not exceeded its ______-______ ____twenty-fourth week
26.3%
of the pregnant woman; or (c) that the ___________ continuance
26.3%
for the termination of pregnancy must be carried out in a ________hospital
26.3%
vested in the Secretary of _____State
26.3%
1. Medical termination of pregnancy. — (1) Subject to the provisions of this section, a person shall not be guilty of __ _______an offence
21.1%
if two registered medical practitioners are of the opinion, formed in ____ _____good faith
21.1%
or ______ ______mental health
21.1%
of the pregnant woman or any existing ________children
21.1%
of the pregnancy would involve risk to ___ ____ the life
21.1%
of the pregnant woman, _______ ____ greater than
21.1%
of two registered medical practitioners, shall not apply to the ___________termination
15.8%
An Act to amend and clarify the law relating to termination of pregnancy by __________ _______ _____________.registered medical practitioners
10.5%
to the ________ physical
10.5%
if the pregnancy were terminated; or (d) that there is a ___________ ____ substantial risk
10.5%
Text of Abortion Act 1967, section 1 Missing word(s) % Correct
for the purposes of his functions under the ________ ______ _______National Health Service
10.5%
Act 1978 or in a hospital vested in a Primary Care Trust or a National Health Service trust or an NHS foundation trust or in a place ________approved
10.5%
of a pregnancy by a registered medical practitioner in a case where he is of the opinion, formed in ____ _____,good faith
10.5%
that the termination is ___________ _________immediately necessary
10.5%
to ____ ___ ____save the life
10.5%
to the physical or mental health of the ________ _____.pregnant woman.
10.5%
and that the continuance of the pregnancy would involve risk, greater than if the pregnancy were terminated, of ______injury
5.3%
Act 2006 or the National Health Service (________)Scotland
5.3%
(3A) The power under subsection (3) of this section to approve a place includes power, in relation to treatment consisting primarily in the use of such _________medicines
5.3%
as may be specified in the approval and carried out in such ______manner
5.3%
(4) Subsection (3) of this section, and so much of subsection (1) as relates to the _______opinion
5.3%
of her family; or (b) that the termination is necessary to prevent _____ _________ ______grave permanent injury
0%
from such physical or mental _____________abnormalities
0%
as to be _________ ___________.seriously handicapped.
0%
would involve such risk of ______ __ ______injury to health
0%
as is mentioned in paragraph (a) or (b) of subsection (1) of this section, account may be taken of the pregnant woman’s ______actual
0%
or reasonably foreseeable ___________.environment.
0%
(3) Except as provided by subsection (4) of this section, any _________treatment
0%
as may be so specified, to approve a _____ __ ______.class of places.
0%
or to prevent _____ _________ ______grave permanent injury
0%

You're not logged in!

Compare scores with friends on all Sporcle quizzes.
Join for Free
OR
Log In

You Might Also Like...

Show Comments

Extras

Created May 17, 2010SourceReportNominate
Tags:1967, act, ground, legal, section, text

Top Quizzes Today


Score Distribution

Your Account Isn't Verified!

In order to create a playlist on Sporcle, you need to verify the email address you used during registration. Go to your Sporcle Settings to finish the process.

Report this User

Report this user for behavior that violates our Community Guidelines.

Details: